Comptez aussi haut que possible - une minute sprint - Statistiques

Statistiques générales
  • Ce quiz a été pris 243 fois
  • Le résultat moyen est 83 sur 200
Statistiques - réponses
# % Correct
1
99%
2
97%
3
97%
4
95%
5
95%
6
95%
7
95%
8
95%
9
95%
10
94%
11
92%
12
92%
13
92%
14
92%
15
92%
16
92%
17
92%
18
92%
19
92%
20
91%
21
90%
22
90%
23
90%
24
90%
25
90%
26
90%
27
90%
28
90%
29
90%
30
90%
31
89%
32
89%
33
89%
34
89%
35
89%
36
89%
37
89%
38
89%
39
89%
40
88%
41
88%
42
88%
43
88%
44
88%
45
88%
46
88%
47
87%
48
87%
49
87%
50
87%
51
86%
52
86%
53
86%
54
86%
55
86%
56
85%
57
85%
58
85%
59
85%
60
85%
61
84%
62
83%
63
82%
64
81%
65
79%
66
78%
67
78%
68
78%
69
78%
70
77%
71
74%
72
74%
73
73%
74
73%
75
71%
76
70%
77
69%
78
66%
79
66%
80
64%
81
63%
82
62%
83
60%
84
59%
85
59%
86
58%
87
56%
88
56%
89
55%
90
53%
91
52%
92
50%
93
49%
94
47%
95
47%
96
42%
97
42%
98
38%
99
36%
100
33%
101
29%
102
27%
103
27%
104
25%
105
24%
106
23%
107
21%
108
20%
109
20%
110
18%
111
16%
112
14%
113
13%
114
12%
115
12%
116
11%
117
11%
118
10%
119
10%
120
8%
121
8%
122
6%
123
5%
124
3%
125
2%
126
2%
127
2%
128
2%
129
2%
130
2%
131
2%
132
2%
133
2%
134
1%
135
1%
136
1%
137
1%
138
1%
139
1%
140
1%
141
1%
142
1%
143
1%
144
1%
145
1%
146
1%
147
1%
148
1%
149
1%
150
1%
151
1%
152
1%
153
1%
154
1%
155
1%
181
1%
182
1%
183
1%
184
1%
185
1%
186
1%
187
1%
188
1%
189
1%
190
1%
191
1%
192
1%
193
1%
194
1%
195
1%
156
0%
157
0%
158
0%
159
0%
160
0%
161
0%
162
0%
163
0%
164
0%
165
0%
166
0%
167
0%
168
0%
169
0%
170
0%
171
0%
172
0%
173
0%
174
0%
175
0%
176
0%
177
0%
178
0%
179
0%
180
0%
196
0%
197
0%
198
0%
199
0%
200
0%
Aucun quiz correspondant
Distribution des résultats
% des personnes avec chaque résultat
Percentile par nombre de réponses
Votre historique - résultats
Vous n’avez pas pris ce quiz